| 000 | 01795cam a22004934i 4500 | ||
|---|---|---|---|
| 003 | PE-LiUPU | ||
| 005 | 20250731173515.0 | ||
| 008 | 150616s r 000 0 d | ||
| 020 | _a0385059000 | ||
| 035 | _a(Sirsi) i9780385059008 | ||
| 040 |
_aPE-LiUPU _bspa _cPE-LiUPU _erda |
||
| 049 | _aPRUA | ||
| 082 | 0 | 4 |
_a220.7 _bAB _221 |
| 100 | 1 |
_aQuinn, Jerome D., _eautor. |
|
| 245 | 1 | 4 |
_aThe Letter to Titus: a new translation with notes and commentary and an introduction to Titus, I and II Timothy, the Pastoral Epistles / _cJerome D. Quinn. |
| 264 | 1 |
_aNew York : _bThe Anchor Bible, Doubleday, _c1990. |
|
| 300 |
_a334 páginas ; _c24 centímetros |
||
| 336 |
_atext _2rdacontent |
||
| 337 |
_aunmediated _2rdamedia |
||
| 338 |
_avolume _2rdacarrier |
||
| 490 | 0 |
_aThe Anchor Bible ; _v35 |
|
| 504 | _aBibliografía: páginas XIX-XLVIII. | ||
| 505 | 0 | _aAn apostle's greeting.- The apostolic commission to Titus.- Personal notes.- Terminology in the PE. The PE salvation. | |
| 526 | _aSEG42 | ||
| 526 | _aSEG41 | ||
| 526 | _aSEG40 | ||
| 526 | _aSEG39 | ||
| 526 | _aP94 | ||
| 526 | _aP87 | ||
| 526 | _aP86 | ||
| 526 | _aP85 | ||
| 526 | _aP77 | ||
| 526 | _aP76 | ||
| 526 | _aP35 | ||
| 630 |
_aBiblia. _pN.T. _pTimoteo _xComentarios. |
||
| 630 |
_aBiblia. _pN.T. _pTito _xComentarios. |
||
| 910 |
_ajck _bjvq _cjck |
||
| 942 |
_2ddc _cBOOK |
||
| 949 |
_a220.7 AB 35 _wDEWEY _c1 _i41494 _lCCODEBUL1 _mBUL _r0 _sY _tBOOK _u2015-6-16 _xTEOLOGIA _zUNKNOWN _0COMPRA _o.STAFF. Colección General |
||
| 994 |
_aC0 _bPEPRU |
||
| 596 | _a1 | ||
| 999 |
_a220.7 AB 35 _wDEWEY _c59211 _i41494 _f2021-11-9 _g5 _lCCODEBUL1 _mBUL _r0 _sY _tBOOK _u2015-6-16 _xTEOLOGIA _zUNKNOWN _0COMPRA _o.STAFF. Colección General _d59211 |
||
| 980 |
_81 _gALBERTO SANCHEZ Responsable de Automatización |
||